Montana Geography Quiz - Sudden Death - Statistics

General Stats
  • This quiz has been taken 364 times
  • The average score is 11 of 20
Answers on the Grid
Answers color-coded by a green-red scale on the quiz's grid according to % correct below.
Arches National Park
Beartooth Mountains
Billings
Boise
Bozeman
Bryce Canyon National Park
Butte
Cascade Mountains
Colorado River
Cour d'Alene
Death Valley National Park
Fargo
Flathead Lake
Fort Benton
Glacier National Park
Going-to-the-Sun Road
Grand Teton National Park
Granite Peak
Great Falls
Great Salt Lake
Helena
Lake McDonald
Lake Tahoe
Laramie
Lewis and Clark National Trail
Little Bighorn Battlefield
Logan Pass
Missouri River
Mount Hood
Mount Rushmore National Park
Mount Shasta
Pacific Ocean
Provo
Sturgis
Triple Divide Peak
Wasatch Mountains
Waterton-Glacier International Peace Park
Yellowstone National Park
Yellowstone River
Zion National Park
 
Answer Stats
Answer % Correct
Billings
90%
Bozeman
88%
Butte
79%
Beartooth Mountains
64%
Helena
64%
Glacier National Park
61%
Flathead Lake
58%
Going-to-the-Sun Road
53%
Yellowstone National Park
52%
Great Falls
51%
Yellowstone River
50%
Lewis and Clark National Trail
49%
Little Bighorn Battlefield
49%
Waterton-Glacier International Peace Park
47%
Granite Peak
45%
Logan Pass
45%
Missouri River
45%
Fort Benton
44%
Lake McDonald
43%
Triple Divide Peak
34%
No matching quizzes found
Score Distribution
Percent of People with Each Score
Percentile by Number Answered
Your Score History
You have not taken this quiz